Bioética para nuevos

Gespeichert in:
Bibliographische Detailangaben
1. Verfasser: SUAZO, MIGUEL
Körperschaft: Instituto Tecnolólogico de Santo Domingo. Centro de Bioética
Format: Text
Veröffentlicht: Santo Domingo: INTEC
Schlagworte:
Tags: Tag hinzufügen
Keine Tags, Fügen Sie den ersten Tag hinzu!

MARC

LEADER 00000 a a2200000 04500
001 12014
003
040
020 |a 99934-25-35-4  
022 |a 99934-25-35-4  
090 |a 193600  
100 |a SUAZO, MIGUEL  
110 |a Instituto Tecnolólogico de Santo Domingo. Centro de Bioética  
245 |a Bioética para nuevos  
260 |a Santo Domingo:   |b INTEC  
300 |a 162 p.  
650 |a ETICA  
650 |a MEDICINA  
650 |a BIOTECNOLOGIA  
650 |a INVESTIGACION  
650 |a EUTANASIA  
650 |a MEJORAMIENTO GENETICO  
650 |a PSICOLOGIA  
650 |a PEDIATRIA  
650 |a DESARROLLO DE PROGRAMAS DE ESTUDIOS  
999 |c 14428  |d 14428